Código del Trabajo y normas complementarias con todos los valores agregados Legis: jurisprudencia, doctrina, comentarios, concordancias y modelos, mayo 2011-mayo 2012

Salvato in:
Dettagli Bibliografici
Natura: Libro
Lingua:spagnolo
Pubblicazione: Santiago Legis 2011
Edizione:6a. ed
Serie:Sistema de Eruditos Prácticos Legis
Soggetti:
Tags: Aggiungi Tag
Nessun Tag, puoi essere il primo ad aggiungerne!!

MARC

LEADER 00000cam a2200000 a 4500
001 UCF2352
003 CL-VaPUC
008 120817e20110000CL |||||||||||||||||spa|d
020 |a 9789567498642 
082 0 4 |a 344.8301  |b COD  |2 21 
245 1 0 |a Código del Trabajo y normas complementarias con todos los valores agregados Legis: jurisprudencia, doctrina, comentarios, concordancias y modelos, mayo 2011-mayo 2012 
250 |a 6a. ed 
300 |a 740 p 
942 |c BK 
945 |d 20120817 00:00:00  |a dcastane 
260 |a Santiago  |b Legis  |c 2011 
650 7 |a CODIGO DEL TRABAJO CHILENO  |2 CL-VaPUC  |9 475308 
650 7 |a DERECHO LABORAL  |2 CL-VaPUC  |9 15 
650 0 |a Contratos de trabajo  |9 254966 
650 7 |a CAPACITACION LABORAL  |2 CL-VaPUC  |9 411356 
650 0 |a Negociación colectiva  |9 312433 
650 0 |a Jurisprudencia  |9 255952 
583 |a last modification  |c 20120817 11:35:00  |k Rodrigo Vera 
490 0 |a Sistema de Eruditos Prácticos Legis 
999 |c 348920  |d 348918